El Tratamiento de los malos tratos en la infancia /
Descripción Física:
76, XXII pàgines ; 30 cm
Materias:
Maltractament infantil -- Prevenció
Idioma:
Catalán
MARC
| LEADER | 00000nam a2200000 a 4500 | ||
|---|---|---|---|
| 001 | 26475 | ||
| 008 | 220816s1998 spa||||| |||| 00| 0 cat d | ||
| 080 | |a Bib-901 | ||
| 100 | 1 | |9 54179 |a Gómez Delgado, Saturnina |e autor | |
| 245 | 1 | 3 | |a El Tratamiento de los malos tratos en la infancia / |c Saturnina Gómez Delgado |
| 260 | |a Barcelona : |b l'autora, |c 1998 | ||
| 300 | |a 76, XXII pàgines ; |c 30 cm | ||
| 650 | 0 | |9 21834 |a Maltractament infantil |x Prevenció | |
| 942 | |2 udc |c ARXIU |n 1 | ||
| 952 | |0 0 |1 0 |4 0 |6 BIB901 |7 1 |9 63458 |a Arxiu |b Arxiu |d 2022-08-16 |l 0 |o Bib-901 |p 26475 |r 2022-08-16 00:00:00 |w 2022-08-16 |y ARXIU | ||
| 999 | |c 82591 |d 82591 | ||